|
|
|
|
| LEADER |
00000nas a2200000 i 4500 |
| 001 |
ssj0000971580 |
| 003 |
WaSeSS |
| 005 |
20200512172242.0 |
| 006 |
m d |
| 007 |
cr n |
| 008 |
130722c20089999xv qr p s 0 b0slv c |
| 010 |
|
|
|a 2014252034
|
| 022 |
|
|
|a 2350-4803
|l 1855-4431
|y 1855-4431
|
| 035 |
|
|
|a (WaSeSS)ssj0000971580
|
| 040 |
|
|
|a HUA
|c HUA
|b eng
|d OCLCO
|d CUD
|d CUS
|d OCLCF
|d OCLCO
|d CUS
|d WAU
|d CUS
|d VT2
|d WaSeSS
|
| 042 |
|
|
|a pcc
|
| 050 |
1 |
4 |
|a LB1555
|
| 222 |
|
0 |
|a Revija za elementarno izobraz̆evanje
|b (Spletna izd.)
|
| 245 |
0 |
0 |
|a Revija za elementarno izobraz̆evanje
|h [electronic resource].
|
| 246 |
1 |
3 |
|a Journal of elementary education
|
| 260 |
|
|
|a Maribor :
|b Univerza v Mariboru
|
| 310 |
|
|
|a 4 times a year
|
| 362 |
1 |
|
|a Began with: Vol. 1, no. 1/2 (Sep. 2008)
|
| 506 |
|
|
|a License restrictions may limit access.
|
| 588 |
|
|
|a Description based on: Vol. 1, no. 1/2 (Sep. 2008); title from journal home page (publisher's Web site, Jun. 5, 2013)
|
| 588 |
|
|
|a Latest issue consulted: Vol. 7, no. 2 (June 2014) (publisher's Web site, viewed Nov. 26, 2014).
|
| 650 |
|
0 |
|a Education
|v Periodicals.
|
| 650 |
|
7 |
|a Education.
|2 fast
|0 (OCoLC)fst00902499
|
| 655 |
|
0 |
|a Electronic journals.
|
| 710 |
2 |
|
|a Univerza v Mariboru.
|
| 776 |
0 |
8 |
|i Also issued in print:
|t Revija za elementarno izobraz̆evanje
|x 1855-4431
|
| 856 |
4 |
0 |
|z Full text available from Research Library: 04/01/2012 to present
|u https://search.proquest.com/publication/1316364
|